000 01471nam a2200373Ia 4500
001 ebr10135625
003 CaPaEBR
006 m u
007 cr cn|||||||||
008 040113s2004 nyu sb 001 0 eng d
010 _z 2004044255
020 _z1403980438
020 _z1403964777
040 _aCaPaEBR
_cCaPaEBR
035 _a(OCoLC)560179662
050 1 4 _aDS910.2.K7
_bI57 2004eb
082 0 4 _a327.519305195
_222
245 0 0 _aInter-Korean relations
_h[electronic resource] :
_bproblems and prospects /
_cedited by Samuel S. Kim.
260 _aNew York :
_bPalgrave Macmillan,
_c2004.
300 _axv, 223 p.
504 _aIncludes bibliographical references and index.
533 _aElectronic reproduction.
_bPalo Alto, Calif. :
_cebrary,
_d2009.
_nAvailable via World Wide Web.
_nAccess may be limited to ebrary affiliated libraries.
650 0 _aInternational organization.
651 0 _aKorea (South)
_xRelations
_zKorea (North)
651 0 _aKorea (North)
_xRelations
_zKorea (South)
651 0 _aEast Asia
_xRelations
_zKorea (North)
651 0 _aKorea (North)
_xRelations
_zEast Asia.
651 0 _aEast Asia
_xRelations
_zKorea (South)
651 0 _aKorea (South)
_xRelations
_zEast Asia.
655 7 _aElectronic books.
_2local
700 1 _aKim, Samuel S.,
_d1935-
710 2 _aebrary, Inc.
856 4 0 _uhttp://site.ebrary.com/lib/rucke/Doc?id=10135625
_zAn electronic book accessible through the World Wide Web; click to view
999 _c87543
_d87543